| 000 | 01124nam a2200301Ia 4500 | ||
|---|---|---|---|
| 001 | dia_5176 | ||
| 003 | CHAP | ||
| 005 | 20231201113751.0 | ||
| 008 | 220117s2006 xx 000 0 und d | ||
| 010 | _a176041 | ||
| 020 | _a84-8055-893-8 | ||
| 040 | _cCHAP | ||
| 082 | _aC 370.114 V35 2006 | ||
| 245 |
_aLos valores en la convivencia humana : urbanidad en el ámbito público y privado, etiqueta y relacionamiento social, uso de los espacios públicos, solución de conflictos, celebraciones internacionales y eventos importantes en la vida / _c coordinación general Gabriela Carrera ; autores Hugo Cobos...[et al.] |
||
| 260 |
_aEspaña : _b Cultural, _c2006 |
||
| 300 | _a447 p. | ||
| 503 | _aC/e | ||
| 590 | _aC BJ1983 V35 2006 | ||
| 650 |
_aCortesia _xEspaña _9157759 |
||
| 650 |
_aEtiqueta _xEspaña _9157760 |
||
| 650 |
_aUsos y costumbre _xEspaña _9157761 |
||
| 700 |
_aCarrera, Gabriela, coord. _9157762 |
||
| 700 |
_aCobos, Hugo, aut. _9157763 |
||
| 901 | _aC 370.114 V35 2006 | ||
| 902 | _aM | ||
| 905 | _a5232272006 sp aimn8222123322spa16 | ||
| 942 |
_cLIBRO _2ddc |
||
| 999 |
_c176041 _d176041 |
||